Race Against Time: Top 10 Fastest Men and Women in the 400m - Statistics

General Stats
  • This quiz has been taken 13 times
  • The average score is 6 of 20
Answer Stats
Group Answer % Correct
Men Michael Johnson
92%
Women Cathy Freeman
50%
Women Marita Koch
50%
Men Butch Reynolds
42%
Men Lashawn Merritt
42%
Women Marie-Jose Perec
42%
Men Michael Norman
42%
Women Jarmile Kratochvilova
33%
Men Quincy Watts
33%
Women Shaunae Miller-Uibo
33%
Men Fred Kerley
25%
Women Sanya Richards-Ross
17%
Men Steven Gardiner
17%
Women Tafana Kocembova
17%
Men Wayde Van Nekerk
17%
Men Champion Allison
8%
Women Olga Bryzgina
8%
Men Jeremy Warner
0%
Women Salwa Eid Naser
0%
Women Sydney Mclaughlin-Levrone
0%
No matching quizzes found
Score Distribution
Percent of People with Each Score
Percentile by Number Answered
Your Score History
You have not taken this quiz